000 00641nam a2200181 i 4500
001 58303
003 ES-MaACL
005 20230906163756.0
007 t|
008 031021s1959 sp |||| | spa d
100 1 _aDurán Molina, José.
_946228
245 1 0 _aAuscultación cardíaca
_b: cuatro lecciones /
_cJosé Durán Molina.
260 _aSanta Cruz de Tenerife :
_bInstituto de Fisiología y Patología Regionales,
_c1959 (
_fImp. Católica)
300 _a31 p. ;
_c21 cm.
650 4 _aAuscultación cardíaca.
_9138913
710 2 _aInstituto de Fisiología y Patología Regionales de Tenerife.
_94737
852 _aES-MaACL
_j2011-F-3
999 _c58303
_d58303